Imperial defence, (Record no. 552104)
[ view plain ]
| 000 -LEADER | |
|---|---|
| fixed length control field | 00458cam a22001331 4500 |
| 082 ## - DEWEY DECIMAL CLASSIFICATION NUMBER | |
| Classification number | 335.00942 |
| Author Mark | DIL |
| 100 1# - MAIN ENTRY--PERSONAL NAME | |
| Personal name | Dilke, Charles Wentworth, |
| 9 (RLIN) | 49324 |
| 245 10 - TITLE STATEMENT | |
| Title | Imperial defence, |
| Statement of responsibility, etc. | by the Right Honourable Sir Charles Wentworth Dilke, bart. ... Spenser Wilkinson. |
| 260 ## - PUBLICATION, DISTRIBUTION, ETC. | |
| Place of publication, distribution, etc. | London, |
| Name of publisher, distributor, etc. | Macmillan and co., |
| Date of publication, distribution, etc. | 1892. |
| 300 ## - PHYSICAL DESCRIPTION | |
| Extent | 234 p. |
| Other physical details | maps |
| Dimensions | 20 cm. |
| 526 ## - STUDY PROGRAM INFORMATION NOTE | |
| Program name | 0 |
| Interest level | 0 |
| Reading level | 0 |
| Title point value | 335_009420000000000_DIL |
| 700 1# - ADDED ENTRY--PERSONAL NAME | |
| Personal name | Wilkinson, Spenser, |
| 9 (RLIN) | 49325 |
| 942 ## - ADDED ENTRY ELEMENTS (KOHA) | |
| Source of classification or shelving scheme | |
| Koha item type | Book |
| Withdrawn status | Lost status | Source of classification or shelving scheme | Damaged status | Not for loan | Permanent Location | Current Location | Shelving location | Date acquired | Total Checkouts | Full call number | Barcode | Date last seen | Price effective from | Koha item type |
|---|---|---|---|---|---|---|---|---|---|---|---|---|---|---|
| Military College of Engineering (MCE) | Military College of Engineering (MCE) | 01/07/2015 | 335.00942 DIL | MCE-ECI/32 | 01/07/2015 | 01/07/2015 | Book |
